|
|
|
|
| LEADER |
00000nam0a2200000 4500 |
| 001 |
318198 |
| 005 |
20231102003043.0 |
| 035 |
|
|
|a (RuTPU)RU\TPU\book\343695
|
| 090 |
|
|
|a 318198
|
| 100 |
|
|
|a 20160422d1982 km y0rusy50 ca
|
| 101 |
0 |
|
|a rus
|
| 102 |
|
|
|a RU
|
| 105 |
|
|
|a a z 001zy
|
| 200 |
1 |
|
|a Электрофильтры в цветной металлургии
|f М. И. Биргер [и др.]
|g под ред. А. А. Гурвица
|
| 210 |
|
|
|a Москва
|c Металлургия
|d 1982
|
| 215 |
|
|
|a 136 с.
|c ил.
|
| 320 |
|
|
|a Библиогр.: с. 133-134
|
| 606 |
1 |
|
|a Цветная металлургия
|x Обеспыливание
|2 stltpush
|3 (RuTPU)RU\TPU\subj\17763
|9 43332
|
| 610 |
1 |
|
|a электрические фильтры
|
| 610 |
1 |
|
|a дисперсные системы
|
| 610 |
1 |
|
|a газопылевые потоки
|
| 610 |
1 |
|
|a параметры
|
| 610 |
1 |
|
|a влияние
|
| 610 |
1 |
|
|a мокрые пылеуловители
|
| 610 |
1 |
|
|a сухие фильтры
|
| 610 |
1 |
|
|a газы
|
| 610 |
1 |
|
|a электрическая очистка
|
| 610 |
1 |
|
|a улавливание
|
| 610 |
1 |
|
|a улавливающие устройства
|
| 610 |
1 |
|
|a электропитание
|
| 610 |
1 |
|
|a электрооборудование
|
| 610 |
1 |
|
|a эксплуатация
|
| 675 |
|
|
|a 669.2.013
|v 4
|
| 701 |
|
1 |
|a Биргер
|b М. И.
|g Марк Исаакович
|
| 701 |
|
1 |
|a Гончаров
|b А. Е.
|g Анатолий Ефимович
|
| 701 |
|
1 |
|a Гордон
|b Г. М.
|g Григорий Михайлович
|
| 701 |
|
1 |
|a Гурвиц
|b А. А.
|g Александр Александрович
|
| 702 |
|
1 |
|a Гурвиц
|b А. А.
|4 340
|
| 801 |
|
1 |
|a RU
|b 63413507
|c 20160422
|
| 801 |
|
2 |
|a RU
|b 63413507
|c 20200117
|g RCR
|
| 942 |
|
|
|c BK
|